000 00522nam a2200181Ia 4500
008 090124s9999 xx 000 0 und d
082 _b124190
100 _aटिळक लक्ष्मीबाई
245 _a भरली घागर
250 _a2
260 _c1990
300 _a169
600 _aटिळक लक्ष्मीबाई
630 _a भरली घागर
700 _aटिळक लक्ष्मीबाई
730 _a भरली घागर
942 _cBOOK
999 _c170277
_d170277